000 00799nam a2200229Ia 4500
003 GCL
008 140319s9999 xx 000 0 ara d
040 _aGCL /
_cGCL
082 0 4 _a296.38
_bد ى
100 1 _aمارى شهرستان
245 1 0 _aاليهودية والغيرية :
_bغير اليهود فى منظار اليهودية /
_cمارى شهرستان
700 1 _aدانزول، البيرتو
260 _aسوريا :
_bالاوائل للنشر والتوزيع ،
_c2004
300 _a223 ص ؛
_c24 سم
650 0 4 _aاليهودية
650 0 4 _aالتوراة
650 0 4 _aالتلمود
650 0 4 _aاليهود - الاحوال الاجتماعية
650 0 4 _aالفلسفة اليهودية
650 0 4 _aاليهود - العزلة
942 _2ddc
_cBK
999 _c8512
_d8512